Cocktail party

সংরক্ষণ করুন:
গ্রন্থ-পঞ্জীর বিবরন
প্রধান লেখক: ELIOT, THOMAS STEARNS (Author)
বিন্যাস: গ্রন্থ
ভাষা:ইংরেজি
প্রকাশিত: Londres Faber and Faber 1958
বিষয়গুলি:
ট্যাগগুলো: ট্যাগ যুক্ত করুন
কোনো ট্যাগ নেই, প্রথমজন হিসাবে ট্যাগ করুন!

MARC

LEADER 00000nam a2200000 a 4500
001 UCQ3711
003 CL-VaPUC
008 980821e19580000UK |||||||||||||||||eng|d
082 0 4 |a 822  |b ELI  |2 21 
100 |a ELIOT, THOMAS STEARNS  |e author  |9 265954 
245 1 0 |a Cocktail party 
300 |a 185 p 
942 |c BK 
945 |d 19980821 00:00:00  |a crobeson 
260 |a Londres  |b Faber and Faber  |c 1958 
650 7 |a COMEDIAS INGLESAS  |2 CL-VaPUC  |9 269397 
650 0 |a Literatura inglesa  |9 312907 
583 |a last modification  |c 19980821 00:00:00  |k Rodrigo Vera 
999 |c 274227  |d 274225 
952 |0 0  |1 0  |4 0  |6 822_000000000000000_ELI_1958  |7 0  |8 A  |9 310344  |a BIBEDU  |b BIBEDU  |d 2019-11-20  |i 1457349  |o 822 ELI 1958  |p 1457349  |r 2019-11-20  |w 2019-11-20  |y BK  |k LIT